Star Wars: Episode V The Empire Strikes Back A-Z - Statistics

General Stats
  • This quiz has been taken 56 times
  • The average score is 17 of 25
Answer Stats
Letter Hint Answer % Correct
F Luke, I am your... Father
96%
H Frozen planet Hoth
94%
N _____ tell me the odds Never
94%
Y Jedi Master Luke sets out to find Yoda
94%
A Large, four legged walker AT-AT
92%
C Han Solo was frozen in... Carbonite
92%
J Luke seeks a teacher to train him to become a... Jedi
92%
L Administrator of Cloud City Lando Calrissian
90%
X Starfighter X-wing
88%
D A remote planet of swamps and forests Dagobah
85%
G Maximilian Veers' rank General
81%
T Creature Han and Luke ride Tauntaun
81%
B Gas giant planet filled with clouds Bespin
79%
S Cold weather assault stormtroopers Snowtrooper
77%
O And I thought they smelled bad, on the... Outside
73%
W Creature that attacks Luke Wampa
67%
I Assassin droid bounty hunter IG-88
65%
P After Luke gets his hand cut off, he is given a... {Prosthetic} Hand
63%
R Name of the snowspeeder squadron {Rogue} Squadron
54%
M Flying creatures that live inside the giant space slug Mynock
42%
U Alien species that worked in Cloud City Ugnaught
33%
Z Bounty hunter of the Gand species Zuckuss
31%
V Sent out to search for the rebel base Viper Probe Droid
17%
E Giant space slug living in an asteroid Exogorth
15%
K Gets force choked by Darth Vader Kendal Ozzel
13%
No matching quizzes found
Score Distribution
Percent of People with Each Score
Percentile by Number Answered
Your Score History
You have not taken this quiz